[Event "Junior Online 4NCL Division 5"]
[Site "online"]
[Date "2021.03.18"]
[EventDate "2021.03.18"]
[Round "5.142"]
[White "Bhatia, Jai"]
[WhiteElo "1584"]
[WhiteTeam "Chess Challengers B"]
[Black "Govindu, Aashrith Reddy"]
[BlackElo "989"]
[BlackTeam "Manchester Juniors F"]
[Result "1-0"]
[PlyCount "37"]

1. e4 e5 2. Nf3 Nc6 3. Nc3 Nf6 4. Bc4 Bc5 5. h3 Nd4 6. Nxe5 O-O 7. Nb5 Nxb5 8. Bxb5 c6 9. Bd3 Nd5 10. exd5 Qh4 11. g3 Qh5 12. Qxh5 g6 13. Nxg6 fxg6 14. Qg5 Bxf2+ 15. Kd1 cxd5 16. Qxd5+ Kh8 17. b3 Rf3 18. Bb2+ Rf6 19. Bxf6# 1-0

[Event "Junior Online 4NCL Division 5"]
[Site "online"]
[Date "2021.03.18"]
[EventDate "2021.03.18"]
[Round "5.143"]
[White "Meredith, George"]
[WhiteElo "949"]
[WhiteTeam "Manchester Juniors F"]
[Black "Sharavana, Harshith"]
[BlackElo "1491"]
[BlackTeam "Chess Challengers B"]
[Result "0-1"]
[PlyCount "74"]

1. e4 e5 2. Nf3 Nc6 3. Nc3 Nf6 4. Bb5 d6 5. Bxc6+ bxc6 6. O-O Be7 7. d3 O-O 8. Bg5 Ng4 9. Bxe7 Qxe7 10. h3 Nf6 11. a3 d5 12. exd5 cxd5 13. d4 Ba6 14. Re1 e4 15. Ne5 c5 16. Nf3 cxd4 17. Qxd4 Rfd8 18. Ne5 Rac8 19. b4 Rc4 20. Qd2 Qxe5 21. Nxd5 Nxd5 22. c3 h6 23. a4 Qe7 24. b5 Nxc3 25. Qe3 Bb7 26. Qxa7 Ra8 27. Qe3 Nxa4 28. Qb3 Nb6 29. Rxa8+ Nxa8 30. b6 Rd4 31. Qc3 Rd5 32. Qc4 Nxb6 33. Rxe4 Qg5 34. Re8+ Kh7 35. Qe4+ g6 36. Qe3 Rd1+ 37. Kh2 Qxg2# 0-1

[Event "Junior Online 4NCL Division 5"]
[Site "online"]
[Date "2021.03.18"]
[EventDate "2021.03.18"]
[Round "5.144"]
[White "Mali, Harshal"]
[WhiteElo "1487"]
[WhiteTeam "Chess Challengers B"]
[Black "Morgan, Alice"]
[BlackElo "935"]
[BlackTeam "Manchester Juniors F"]
[Result "1/2-1/2"]
[PlyCount "70"]

1. e4 e5 2. Bc4 Nc6 3. Nf3 Nf6 4. Nc3 Bc5 5. O-O O-O 6. d4 Nxd4 7. Ng5 g6 8. Bxf7+ Rxf7 9. Nxf7 Kxf7 10. Kh1 d6 11. Qd2 Ng4 12. h3 Qh4 13. Na4 Bb6 14. Nxb6 axb6 15. c3 Nf3 16. Qd3 Nxf2+ 17. Rxf2 Qxf2 18. Qxf3+ Qxf3 19. gxf3 Bxh3 20. b4 Be6 21. a4 h5 22. Bg5 Bd7 23. c4 Bxa4 24. b5 Ke8 25. Kg2 Kd7 26. Kg3 Ke8 27. Kh4 Kd7 28. Ra2 Ke8 29. Ra3 Kd7 30. Bd2 Ke8 31. Kg5 Kf7 32. Bc1 Kg7 33. Bd2 Kf7 34. Be1 Kg7 35. Bd2 Kf7 1/2-1/2

[Event "Junior Online 4NCL Division 5"]
[Site "online"]
[Date "2021.03.18"]
[EventDate "2021.03.18"]
[Round "5.145"]
[White "Srinivasan, Raghav"]
[WhiteElo "1545"]
[WhiteTeam "Chess Challengers B"]
[Black "Pearson, Matt D"]
[BlackElo "1035"]
[BlackTeam "Manchester Juniors F"]
[Result "1-0"]
[PlyCount "43"]

1. e4 e5 2. Nf3 Nc6 3. Bb5 a6 4. Bxc6 bxc6 5. Nxe5 d6 6. Nf3 Rb8 7. d3 Be6 8. Nc3 Qf6 9. Bg5 Qg6 10. O-O h6 11. Bh4 Bh3 12. Bg3 Bg4 13. h3 Bxf3 14. Qxf3 Nf6 15. e5 dxe5 16. Qxc6+ Kd8 17. Bxe5 Nd7 18. Qxc7+ Ke7 19. Bg3 Ke6 20. Rfe1+ Kf6 21. Nd5+ Kf5 22. Qf4# 1-0

[Event "Junior Online 4NCL Division 5"]
[Site "online"]
[Date "2021.03.18"]
[EventDate "2021.03.18"]
[Round "5.146"]
[White "Govindu, Aashrith Reddy"]
[WhiteElo "989"]
[WhiteTeam "Manchester Juniors F"]
[Black "Bhatia, Jai"]
[BlackElo "1584"]
[BlackTeam "Chess Challengers B"]
[Result "0-1"]
[PlyCount "42"]

1. e4 e5 2. Nf3 Nc6 3. Nc3 Nf6 4. Bc4 h6 5. h3 d6 6. d4 exd4 7. Nxd4 Nxd4 8. Qxd4 c5 9. Qe3 g5 10. Nd5 Nxd5 11. Bxd5 Qa5+ 12. Bd2 Qc7 13. Qf3 Bg7 14. Ba5 Qe7 15. O-O-O h5 16. g4 hxg4 17. hxg4 Rxh1 18. Rxh1 Rb8 19. Bc7 Qxc7 20. Qxf7+ Qxf7 21. Bxf7+ Kxf7 0-1

[Event "Junior Online 4NCL Division 5"]
[Site "online"]
[Date "2021.03.18"]
[EventDate "2021.03.18"]
[Round "5.147"]
[White "Sharavana, Harshith"]
[WhiteElo "1491"]
[WhiteTeam "Chess Challengers B"]
[Black "Meredith, George"]
[BlackElo "949"]
[BlackTeam "Manchester Juniors F"]
[Result "0-1"]
[PlyCount "126"]

1. e4 e5 2. Nf3 Nc6 3. Bc4 h6 4. O-O Nf6 5. d3 Bc5 6. Nc3 O-O 7. Nh4 d6 8. a3 Bd4 9. Nb5 Ng4 10. Nf3 Nxf2 11. Rxf2 Bxf2+ 12. Kxf2 Bg4 13. Kg1 a6 14. Nc3 b5 15. Bd5 Nd4 16. Bxa8 Qxa8 17. Qf1 Nxf3+ 18. gxf3 Be6 19. Kh1 Qc8 20. Nd5 Bh3 21. Qf2 Qe6 22. Nxc7 Qd7 23. Nd5 Qe6 24. Qg3 a5 25. Nc7 Qd7 26. Bxh6 g6 27. Bxf8 Kxf8 28. Nxb5 Be6 29. Nc3 Qe7 30. Nd5 Bxd5 31. exd5 Qb7 32. Rb1 Qxd5 33. b4 Qa2 34. Rb3 Qxc2 35. bxa5 Qd1+ 36. Kg2 Qxb3 37. Qh4 Qxa3 38. Qd8+ Kg7 39. Qxd6 Qxd6 40. Kg3 Qd4 41. a6 Qxd3 42. a7 Qd8 43. f4 exf4+ 44. Kxf4 Qa8 45. h4 Qxa7 46. Kg5 Qe7+ 47. Kg4 Qf6 48. Kh3 g5 49. hxg5 Qxg5 50. Kh2 f6 51. Kh3 Qh5+ 52. Kg3 Qg5+ 53. Kf3 f5 54. Kf2 f4 55. Kf3 Qg3+ 56. Ke4 f3 57. Kf5 f2 58. Ke6 f1=Q 59. Ke7 Qe3+ 60. Kd8 Qd1+ 61. Kc8 Qc5+ 62. Kb7 Qb1+ 63. Ka6 Qa3# 0-1

[Event "Junior Online 4NCL Division 5"]
[Site "online"]
[Date "2021.03.18"]
[EventDate "2021.03.18"]
[Round "5.148"]
[White "Morgan, Alice"]
[WhiteElo "935"]
[WhiteTeam "Manchester Juniors F"]
[Black "Mali, Harshal"]
[BlackElo "1487"]
[BlackTeam "Chess Challengers B"]
[Result "0-1"]
[PlyCount "90"]

1. e4 e5 2. Nc3 Nf6 3. Nf3 Nc6 4. Bc4 Bc5 5. O-O O-O 6. a3 d5 7. exd5 Nd4 8. Kh1 Bg4 9. h3 Bf5 10. b4 Bxc2 11. Qe1 Bb6 12. Nxd4 Bxd4 13. d3 Nxd5 14. Nxd5 Bxa1 15. Qe4 f5 16. Qf3 Kh8 17. Bd2 e4 18. dxe4 c6 19. Ne3 Qxd2 20. Rxa1 fxe4 21. Qg4 Rxf2 22. Be6 Raf8 23. Nf5 Qc3 24. Qxg7+ Qxg7 25. Nxg7 Kxg7 26. Re1 Rf1+ 27. Rxf1 Rxf1+ 28. Kh2 e3 29. Bg4 Bd3 30. h4 e2 31. Bxe2 Bxe2 32. g3 Ra1 33. Kg2 h5 34. Kf2 Bg4 35. Ke3 Rxa3+ 36. Kf4 Kf6 37. b5 cxb5 38. Ke4 b4 39. Kd4 b3 40. Kd3 b2+ 41. Kc2 Ra2 42. Kb1 Bf5+ 43. Kxa2 b1=Q+ 44. Ka3 Bc2 45. g4 Qb3# 0-1

[Event "Junior Online 4NCL Division 5"]
[Site "online"]
[Date "2021.03.18"]
[EventDate "2021.03.18"]
[Round "5.151"]
[White "Shah, Rohan"]
[WhiteElo "1437"]
[WhiteTeam "Edgware Gambits Forks"]
[Black "Bradshaw, Sam"]
[BlackElo "902"]
[BlackTeam "JHJ Shark Tank 9"]
[Result "1-0"]
[PlyCount "49"]

1. d4 d5 2. c4 Bf5 3. cxd5 Qxd5 4. Nc3 Qa5 5. Bd2 e6 6. Nf3 Bb4 7. Rc1 Bxc3 8. Bxc3 Qxa2 9. Ra1 Qd5 10. e3 Nf6 11. Qa4+ Nc6 12. Ne5 O-O 13. Bc4 Qxg2 14. Rf1 Ne4 15. Nd7 Rfd8 16. Ne5 Nxe5 17. dxe5 Nxc3 18. bxc3 a6 19. Bb3 Bd3 20. Rd1 Qxf1+ 21. Kd2 Qe2+ 22. Kc1 Bb5 23. Qh4 Bc4 24. Rxd8+ Rxd8 25. Qxd8# 1-0

[Event "Junior Online 4NCL Division 5"]
[Site "online"]
[Date "2021.03.18"]
[EventDate "2021.03.18"]
[Round "5.152"]
[White "Bradshaw, Cleo"]
[WhiteElo "974"]
[WhiteTeam "JHJ Shark Tank 9"]
[Black "Kantaria, Siya"]
[BlackElo "1150"]
[BlackTeam "Edgware Gambits Forks"]
[Result "1/2-1/2"]
[PlyCount "121"]

1. e4 e5 2. f4 exf4 3. Nf3 g5 4. h4 gxh4 5. d4 Bg7 6. Bxf4 d5 7. e5 Bg4 8. Nbd2 f6 9. exf6 Bxf6 10. Qe2+ Qe7 11. Qxe7+ Bxe7 12. Bd3 Nf6 13. Bg3 hxg3 14. O-O-O Nc6 15. Rhe1 O-O-O 16. Bb5 Nxd4 17. Nxd4 Bxd1 18. Ne6 Rd6 19. Kxd1 c6 20. Bd3 Ng4 21. Bf5 Nh2 22. Nc5+ Kb8 23. Rxe7 Rf8 24. Rxb7+ Ka8 25. Ndb3 Rxf5 26. Nd4 Rf4 27. Ndb3 d4 28. Na5 Rf5 29. Nxc6 Rxc6 30. Rb3 Rcxc5 31. Rxg3 Rcd5 32. Rh3 Ng4 33. Rxh7 Rf1+ 34. Ke2 Rb1 35. Rh8+ Kb7 36. Rh7+ Ka6 37. Rh4 Nf6 38. Rh6 Re5+ 39. Kd3 Rxb2 40. Rxf6+ Kb5 41. c4+ Ka4 42. Ra6+ Kb4 43. a3+ Kb3 44. Rxa7 Ka2 45. Kxd4 Rh5 46. a4 Rh4+ 47. Kc3 Rxg2 48. a5 Rg3+ 49. Kb4 Rgg4 50. a6 Rxc4+ 51. Kb5 Rb4+ 52. Ka5 Rb1 53. Rc7 Rh6 54. Rc2+ Rb2 55. Rxb2+ Kxb2 56. Kb5 Kc3 57. a7 Rh8 58. Kb6 Kd4 59. Kb7 Kd5 60. a8=Q Rxa8 61. Kxa8 1/2-1/2

[Event "Junior Online 4NCL Division 5"]
[Site "online"]
[Date "2021.03.18"]
[EventDate "2021.03.18"]
[Round "5.153"]
[White "Wilkinson, James"]
[WhiteElo "1100"]
[WhiteTeam "Edgware Gambits Forks"]
[Black "Broachi, Zain"]
[BlackElo "894"]
[BlackTeam "JHJ Shark Tank 9"]
[Result "1-0"]
[PlyCount "79"]

1. e4 e5 2. Nf3 Nc6 3. Bb5 a6 4. Bxc6 dxc6 5. O-O Bg4 6. Nc3 Bb4 7. h3 Bh5 8. Ne2 Nf6 9. Ng3 O-O 10. Nxh5 Nxh5 11. d3 Nf4 12. Nxe5 Qg5 13. Ng4 Rad8 14. g3 Nxh3+ 15. Kg2 Qh5 16. Ne3 Qe5 17. Kxh3 c5 18. Nc4 Qe6+ 19. Kg2 b5 20. Ne3 c4 21. Qe2 cxd3 22. cxd3 c5 23. f4 c4 24. dxc4 bxc4 25. f5 Qxe4+ 26. Kg1 Bc5 27. Rf4 Qc6 28. Rxc4 Rfe8 29. Bd2 Bxe3+ 30. Bxe3 Qb5 31. a4 Qb3 32. Rc3 Rd1+ 33. Kf2 Qxb2 34. Qxb2 Rxa1 35. Qxa1 g6 36. f6 Rd8 37. Qc1 a5 38. Rc8 Rf8 39. Rxf8+ Kxf8 40. Qc8# 1-0

[Event "Junior Online 4NCL Division 5"]
[Site "online"]
[Date "2021.03.18"]
[EventDate "2021.03.18"]
[Round "5.154"]
[White "Singh-Raj, Aryan"]
[WhiteElo "858"]
[WhiteTeam "JHJ Shark Tank 9"]
[Black "Kantaria, Shivam"]
[BlackElo "1000"]
[BlackTeam "Edgware Gambits Forks"]
[Result "1-0"]
[PlyCount "45"]

1. e4 e5 2. d4 exd4 3. c3 dxc3 4. Bc4 cxb2 5. Bxb2 Bc5 6. Bxg7 Qh4 7. Qf3 Bb4+ 8. Nc3 Bxc3+ 9. Qxc3 Qxe4+ 10. Qe3 Qxe3+ 11. fxe3 d5 12. Bxd5 c6 13. Bc4 b5 14. Be2 Bb7 15. Bxh8 c5 16. Nf3 Nh6 17. O-O Bxf3 18. Bxf3 Nf5 19. Bxa8 Nxe3 20. Rfe1 Kf8 21. Rxe3 Nc6 22. Bxc6 c4 23. Re8# 1-0

[Event "Junior Online 4NCL Division 5"]
[Site "online"]
[Date "2021.03.18"]
[EventDate "2021.03.18"]
[Round "5.155"]
[White "Bradshaw, Sam"]
[WhiteElo "902"]
[WhiteTeam "JHJ Shark Tank 9"]
[Black "Shah, Rohan"]
[BlackElo "1437"]
[BlackTeam "Edgware Gambits Forks"]
[Result "0-1"]
[PlyCount "38"]

1. e4 e5 2. Bc4 Nc6 3. Nf3 Bc5 4. Nc3 Nf6 5. d3 h6 6. Ng5 hxg5 7. Bxg5 d6 8. Nd5 Be6 9. Nxf6+ gxf6 10. Bd2 Bxc4 11. dxc4 Nd4 12. Qc1 Qe7 13. g4 O-O-O 14. g5 Nf3+ 15. Ke2 Nxd2 16. gxf6 Qxf6 17. Kxd2 Qxf2+ 18. Kd1 Be3 19. Qb1 Qd2# 0-1

[Event "Junior Online 4NCL Division 5"]
[Site "online"]
[Date "2021.03.18"]
[EventDate "2021.03.18"]
[Round "5.156"]
[White "Kantaria, Siya"]
[WhiteElo "1150"]
[WhiteTeam "Edgware Gambits Forks"]
[Black "Bradshaw, Cleo"]
[BlackElo "974"]
[BlackTeam "JHJ Shark Tank 9"]
[Result "1-0"]
[PlyCount "85"]

1. e4 e5 2. Nf3 Nc6 3. Bc4 Nd4 4. Nxe5 Qg5 5. Nxf7 Qxg2 6. Nxh8 Qxh1+ 7. Bf1 Qxe4+ 8. Be2 Nf3+ 9. Kf1 Nxh2+ 10. Kg1 Bd6 11. d3 Qg6+ 12. Kh1 Qh6 13. Bxh6 gxh6 14. Ng6 hxg6 15. Nc3 b5 16. Nxb5 Bb7+ 17. Kg1 Nf6 18. Nxd6+ cxd6 19. Kxh2 Ng4+ 20. Bxg4 h5 21. Be2 O-O-O 22. Bf3 Rf8 23. Bxb7+ Kxb7 24. c4 Rxf2+ 25. Kg1 Rxb2 26. Rb1 Rxb1 27. Qxb1+ Kc6 28. d4 d5 29. cxd5+ Kxd5 30. Qb5+ Kxd4 31. Qxd7+ Kc4 32. Qxa7 Kd5 33. Qf7+ Ke5 34. Qxg6 Kf4 35. Qxh5 Ke4 36. a4 Kd4 37. a5 Kc4 38. a6 Kb4 39. a7 Kb3 40. a8=R Kb4 41. Rc8 Kb3 42. Qb5+ Ka3 43. Ra8# 1-0

[Event "Junior Online 4NCL Division 5"]
[Site "online"]
[Date "2021.03.18"]
[EventDate "2021.03.18"]
[Round "5.157"]
[White "Broachi, Zain"]
[WhiteElo "894"]
[WhiteTeam "JHJ Shark Tank 9"]
[Black "Wilkinson, James"]
[BlackElo "1100"]
[BlackTeam "Edgware Gambits Forks"]
[Result "0-1"]
[PlyCount "42"]

1. e4 e5 2. Nf3 Nf6 3. Bc4 Nc6 4. Ng5 d5 5. exd5 Nxd5 6. d3 Be7 7. Qf3 Bxg5 8. Bxg5 Qxg5 9. Bxd5 O-O 10. O-O Bg4 11. Qe4 Rad8 12. Bxc6 bxc6 13. Qxc6 Rc8 14. Nd2 Qxd2 15. Qe4 Be2 16. Rfe1 f5 17. Qxe5 Rce8 18. Qd5+ Kh8 19. Rad1 Qxd1 20. Rxd1 Bxd1 21. b4 Re1# 0-1

[Event "Junior Online 4NCL Division 5"]
[Site "online"]
[Date "2021.03.18"]
[EventDate "2021.03.18"]
[Round "5.158"]
[White "Kantaria, Shivam"]
[WhiteElo "1000"]
[WhiteTeam "Edgware Gambits Forks"]
[Black "Singh-Raj, Aryan"]
[BlackElo "858"]
[BlackTeam "JHJ Shark Tank 9"]
[Result "0-1"]
[PlyCount "44"]

1. e4 e5 2. Nf3 Nc6 3. Bc4 Bc5 4. Nxe5 Nxe5 5. d4 Nxc4 6. dxc5 Qe7 7. Qd4 Ne5 8. Bf4 d6 9. cxd6 cxd6 10. O-O Bg4 11. f3 Nc6 12. Qxg7 Qf6 13. Qxg4 Qxb2 14. Nd2 Qxc2 15. Rab1 Nce7 16. Rxb7 Qxa2 17. Qd7+ Kf8 18. Qxe7+ Nxe7 19. Bxd6 Re8 20. Rfb1 Qxd2 21. Be5 Rg8 22. Rb8 Qxg2# 0-1

[Event "Junior Online 4NCL Division 5"]
[Site "online"]
[Date "2021.03.18"]
[EventDate "2021.03.18"]
[Round "5.161"]
[White "Penderis, Jasper"]
[WhiteElo "900"]
[WhiteTeam "The Hall 4"]
[Black "Meredith, Daniel"]
[BlackElo "1278"]
[BlackTeam "Hull & York Knights"]
[Result "0-1"]
[PlyCount "126"]

1. e4 c5 2. Nf3 d6 3. Nc3 Nf6 4. Bc4 e6 5. d3 Nc6 6. Bf4 Be7 7. O-O O-O 8. h3 d5 9. exd5 exd5 10. Nxd5 Nxd5 11. Qd2 Nxf4 12. Qxf4 Bf6 13. c3 Re8 14. Rfe1 Be6 15. Bxe6 Rxe6 16. Re4 Qd7 17. d4 cxd4 18. cxd4 Rxe4 19. Qxe4 Nxd4 20. Nxd4 Qxd4 21. Qxb7 Rd8 22. Rb1 Qb6 23. Qxb6 axb6 24. b3 h6 25. a4 Ra8 26. Re1 Kf8 27. g3 Re8 28. Rb1 Ke7 29. b4 Kd6 30. Rc1 Kd7 31. a5 bxa5 32. bxa5 Ra8 33. Rc5 Kd6 34. Rb5 Kc6 35. Rb6+ Kc7 36. Rb5 g6 37. Kg2 Kc6 38. Rb6+ Kd7 39. Kf3 Ke7 40. Ke4 Rxa5 41. Rb7+ Ke6 42. Kd3 Ra3+ 43. Kc4 Ra2 44. f4 Ra3 45. Rb6+ Ke7 46. Rb7+ Kf8 47. Rb8+ Kg7 48. g4 Rxh3 49. g5 hxg5 50. fxg5 Bxg5 51. Kd4 Rh4+ 52. Ke5 Bf4+ 53. Ke4 Bxb8+ 54. Kd5 g5 55. Kc5 g4 56. Kb6 g3 57. Kb7 g2 58. Kxb8 g1=Q 59. Kc7 Rd4 60. Kc6 Qc1+ 61. Kb5 Rd2 62. Kb4 Rb2+ 63. Ka3 Qa1# 0-1

[Event "Junior Online 4NCL Division 5"]
[Site "online"]
[Date "2021.03.18"]
[EventDate "2021.03.18"]
[Round "5.164"]
[White "Meyers, Grace"]
[WhiteElo "1023"]
[WhiteTeam "Hull & York Knights"]
[Black "Lonberg, Christian"]
[BlackElo "900"]
[BlackTeam "The Hall 4"]
[Result "0-1"]
[PlyCount "50"]

1. e4 e5 2. Nf3 Nc6 3. Nc3 Bc5 4. Bc4 Nf6 5. O-O a6 6. a3 b5 7. Bd5 Bb7 8. b4 Ba7 9. Bb2 Nd4 10. Re1 Nxf3+ 11. Qxf3 Bxd5 12. exd5 c6 13. d3 cxd5 14. Nxd5 Nxd5 15. Rxe5+ Ne7 16. Ree1 Rc8 17. Rac1 O-O 18. Qg3 Ng6 19. Qf3 Bb8 20. Re2 Re8 21. Rce1 Rxe2 22. Rxe2 Qf8 23. Qb7 Re8 24. Rxe8 Qxe8 25. Qd5 Qe1# 0-1

[Event "Junior Online 4NCL Division 5"]
[Site "online"]
[Date "2021.03.18"]
[EventDate "2021.03.18"]
[Round "5.165"]
[White "Meredith, Daniel"]
[WhiteElo "1278"]
[WhiteTeam "Hull & York Knights"]
[Black "Penderis, Jasper"]
[BlackElo "900"]
[BlackTeam "The Hall 4"]
[Result "1-0"]
[PlyCount "63"]

1. d4 d5 2. c4 dxc4 3. e4 Nc6 4. Nf3 e6 5. Bxc4 Bd6 6. Nc3 e5 7. d5 Nb4 8. Qa4+ Bd7 9. Qb3 b6 10. a3 Nc6 11. dxc6 Bxc6 12. Bxf7+ Kf8 13. Ng5 Qd7 14. Be6 Qe7 15. Nd5 Bxd5 16. Qxd5 Rd8 17. Qb3 Nh6 18. Bd5 Bc5 19. Ne6+ Ke8 20. Nxd8 Qxd8 21. O-O Ng4 22. Qf3 Nf6 23. Bg5 Rf8 24. Rad1 Qd7 25. h4 h6 26. Be3 Qb5 27. b4 Nxd5 28. Qh5+ Kd8 29. Rxd5+ Ke7 30. bxc5 bxc5 31. Bxc5+ Ke6 32. Bxf8 1-0

[Event "Junior Online 4NCL Division 5"]
[Site "online"]
[Date "2021.03.18"]
[EventDate "2021.03.18"]
[Round "5.168"]
[White "Lonberg, Christian"]
[WhiteElo "900"]
[WhiteTeam "The Hall 4"]
[Black "Meyers, Grace"]
[BlackElo "1023"]
[BlackTeam "Hull & York Knights"]
[Result "0-1"]
[PlyCount "35"]

1. e4 e5 2. Nf3 Nc6 3. Bc4 Nf6 4. d3 Bc5 5. Ng5 d5 6. Bxd5 Nxd5 7. exd5 Qxd5 8. Nc3 Qd8 9. Nge4 Bb4 10. Bg5 Be7 11. Nd5 Qxd5 12. Bxe7 Nxe7 13. c4 Qd8 14. O-O Nc6 15. Qa4 O-O 16. Nc5 b6 17. Na6 Bxa6 18. Qxc6 0-1

[Event "Junior Online 4NCL Division 5"]
[Site "online"]
[Date "2021.03.18"]
[EventDate "2021.03.18"]
[Round "5.171"]
[White "Singh, Nihal"]
[WhiteElo "1450"]
[WhiteTeam "Chess Challengers D"]
[Black "Subramonian, Ananya"]
[BlackElo "796"]
[BlackTeam "Edgware Gambits K"]
[Result "0-1"]
[PlyCount "100"]

1. e4 e5 2. Nf3 Nc6 3. Bc4 Bc5 4. Nc3 Nf6 5. d3 h6 6. h3 O-O 7. Qe2 d6 8. Be3 Bd4 9. Nxd4 exd4 10. Nd5 dxe3 11. Qxe3 Nxd5 12. Bxd5 Nb4 13. Qd2 a5 14. Bc4 Bd7 15. c3 Nc6 16. O-O Qf6 17. f4 Qg6 18. f5 Qg3 19. Rf3 Qh4 20. Raf1 Ne5 21. Rf4 Qg3 22. d4 Nxc4 23. Qe2 Bb5 24. Rg4 Na3 25. Qf3 Qxf3 26. Rxf3 Nc4 27. f6 g6 28. h4 c6 29. h5 g5 30. Rf2 c5 31. e5 dxe5 32. dxe5 Nxe5 33. Re4 Nd3 34. Rd2 Nf4 35. Kf2 Nd3+ 36. Kg1 Nf4 37. b3 Nxh5 38. c4 Nxf6 39. Re7 Bc6 40. g3 Ne4 41. Re2 Nxg3 42. Re1 Rad8 43. Kf2 Rd3 44. R7e3 Ne4+ 45. Kg1 Rd4 46. Kh2 Nf2 47. Kg3 Rd2 48. R3e2 Nh1+ 49. Kh2 Rd4 50. Rg1 Rh4# 0-1

[Event "Junior Online 4NCL Division 5"]
[Site "online"]
[Date "2021.03.18"]
[EventDate "2021.03.18"]
[Round "5.172"]
[White "Trim, Xanthe"]
[WhiteElo "775"]
[WhiteTeam "Edgware Gambits K"]
[Black "Sridharan, Rithvik"]
[BlackElo "1475"]
[BlackTeam "Chess Challengers D"]
[Result "0-1"]
[PlyCount "46"]

1. d4 d5 2. Nc3 Nc6 3. Nf3 Bf5 4. Bg5 Nb4 5. Rc1 h6 6. Bf4 Nf6 7. Ne5 a6 8. e3 e6 9. Be2 Bd6 10. a3 Nc6 11. b4 O-O 12. O-O Ne4 13. Nxe4 Bxe4 14. c3 Qf6 15. c4 Bxe5 16. dxe5 Qg6 17. g3 dxc4 18. Qd7 Qf6 19. Qxc7 Qf5 20. Rxc4 b5 21. Rxc6 Qh3 22. Bf3 Bxf3 23. Re1 Qg2# 0-1

[Event "Junior Online 4NCL Division 5"]
[Site "online"]
[Date "2021.03.18"]
[EventDate "2021.03.18"]
[Round "5.173"]
[White "Patel, Aashna"]
[WhiteElo "1460"]
[WhiteTeam "Chess Challengers D"]
[Black "Tchernitser, David"]
[BlackElo "843"]
[BlackTeam "Edgware Gambits K"]
[Result "1-0"]
[PlyCount "33"]

1. e4 e5 2. Nf3 Nc6 3. Bc4 d6 4. Nc3 Bg4 5. d3 Nb4 6. Bb3 d5 7. Nxd5 Qd6 8. Nxb4 O-O-O 9. c3 f5 10. exf5 Bxf3 11. Qxf3 e4 12. dxe4 Nf6 13. Bf4 Qb6 14. O-O Nxe4 15. Qxe4 Qg6 16. Qc4 Bxb4 17. Qxc7# 1-0

[Event "Junior Online 4NCL Division 5"]
[Site "online"]
[Date "2021.03.18"]
[EventDate "2021.03.18"]
[Round "5.174"]
[White "Szajman, Noah"]
[WhiteElo "700"]
[WhiteTeam "Edgware Gambits K"]
[Black "Jha, Aarush"]
[BlackElo "1472"]
[BlackTeam "Chess Challengers D"]
[Result "0-1"]
[PlyCount "106"]

1. e4 e5 2. Nf3 Nf6 3. Nc3 Nc6 4. Bb5 Bb4 5. Bxc6 dxc6 6. Nxe5 Bxc3 7. dxc3 Qxd1+ 8. Kxd1 Be6 9. Bg5 O-O-O+ 10. Ke2 h6 11. Bxf6 gxf6 12. Rhe1 fxe5 13. Kf1 Bc4+ 14. Kg1 Rhg8 15. b3 Be6 16. c4 b5 17. cxb5 cxb5 18. Rad1 Rxd1 19. Rxd1 Rd8 20. Rxd8+ Kxd8 21. a4 bxa4 22. bxa4 c5 23. Kf1 Bc4+ 24. Ke1 Be6 25. Kd1 f5 26. exf5 Bxf5 27. Kc1 Kd7 28. Kb1 Kd6 29. Ka2 Kd5 30. Ka3 Bxc2 31. a5 Bd3 32. Ka4 e4 33. g4 Kd4 34. f4 e3 35. f5 Bxf5 36. gxf5 e2 37. f6 e1=Q 38. f7 Qf1 39. f8=Q Qxf8 40. Kb5 Qb8+ 41. Ka6 Qd6+ 42. Kxa7 Qxh2 43. a6 c4 44. Kb7 Kc5 45. a7 Qa2 46. a8=Q Qxa8+ 47. Kxa8 c3 48. Ka7 c2 49. Ka6 c1=Q 50. Kb7 Kd6 51. Ka7 Qb1 52. Ka6 Kc6 53. Ka5 Qb5# 0-1

[Event "Junior Online 4NCL Division 5"]
[Site "online"]
[Date "2021.03.18"]
[EventDate "2021.03.18"]
[Round "5.175"]
[White "Subramonian, Ananya"]
[WhiteElo "796"]
[WhiteTeam "Edgware Gambits K"]
[Black "Singh, Nihal"]
[BlackElo "1450"]
[BlackTeam "Chess Challengers D"]
[Result "0-1"]
[PlyCount "66"]

1. e4 e5 2. Nf3 Nc6 3. Bc4 Bc5 4. Nc3 h6 5. O-O Nf6 6. Re1 d6 7. h3 a6 8. Bb3 Bd7 9. d4 exd4 10. Na4 Ba7 11. Rf1 Qc8 12. Bd5 Nxd5 13. exd5 Ne5 14. Nxd4 O-O 15. Qh5 Bxd4 16. b3 Bxa1 17. Re1 Bxa4 18. bxa4 Bc3 19. Rf1 f5 20. Bf4 Qe8 21. Qh4 Ng6 22. Qg3 Nxf4 23. Qxc3 Ne2+ 24. Kh2 Nxc3 25. Kg1 f4 26. Kh2 Qg6 27. Kg1 f3 28. g3 Ne2+ 29. Kh2 h5 30. Rg1 Nxg1 31. Kxg1 Qxc2 32. Kh2 Qxf2+ 33. Kh1 Qg2# 0-1

[Event "Junior Online 4NCL Division 5"]
[Site "online"]
[Date "2021.03.18"]
[EventDate "2021.03.18"]
[Round "5.176"]
[White "Sridharan, Rithvik"]
[WhiteElo "1475"]
[WhiteTeam "Chess Challengers D"]
[Black "Trim, Xanthe"]
[BlackElo "775"]
[BlackTeam "Edgware Gambits K"]
[Result "1-0"]
[PlyCount "41"]

1. e4 e5 2. Nf3 Nc6 3. Bc4 Nf6 4. Ng5 d5 5. exd5 Nd4 6. d6 Bxd6 7. Nxf7 Qe7 8. Nxh8 Bg4 9. f3 Bf5 10. O-O O-O-O 11. Nf7 Rf8 12. Nxd6+ Qxd6 13. Na3 e4 14. fxe4 Nxe4 15. d3 Nf6 16. c3 Nc6 17. Rxf5 Qd8 18. Be6+ Kb8 19. Qa4 Ne7 20. Nb5 c6 21. Qxa7# 1-0

[Event "Junior Online 4NCL Division 5"]
[Site "online"]
[Date "2021.03.18"]
[EventDate "2021.03.18"]
[Round "5.177"]
[White "Tchernitser, David"]
[WhiteElo "843"]
[WhiteTeam "Edgware Gambits K"]
[Black "Patel, Aashna"]
[BlackElo "1460"]
[BlackTeam "Chess Challengers D"]
[Result "0-1"]
[PlyCount "20"]

1. e4 e5 2. Nf3 Nf6 3. Bc4 h6 4. O-O Nc6 5. d4 Nxe4 6. c3 d5 7. Bg5 hxg5 8. Nxg5 Qxg5 9. dxe5 Qh6 10. Bxd5 Qxh2# 0-1

[Event "Junior Online 4NCL Division 5"]
[Site "online"]
[Date "2021.03.18"]
[EventDate "2021.03.18"]
[Round "5.178"]
[White "Jha, Aarush"]
[WhiteElo "1472"]
[WhiteTeam "Chess Challengers D"]
[Black "Szajman, Noah"]
[BlackElo "700"]
[BlackTeam "Edgware Gambits K"]
[Result "1-0"]
[PlyCount "83"]

1. e4 c5 2. Nf3 Nf6 3. Nc3 e6 4. d4 cxd4 5. Qxd4 Nc6 6. Qd1 Bb4 7. Bd2 Bxc3 8. Bxc3 Nxe4 9. Qe2 d5 10. O-O-O e5 11. Bxe5 Nxe5 12. Nxe5 O-O 13. f3 Ng5 14. f4 Ne4 15. g4 Ng3 16. Qg2 Nxh1 17. Qxh1 Bxg4 18. Qxd5 Bd7 19. Qxd7 Qb8 20. Bc4 Qe8 21. Qxe8 Raxe8 22. Bxf7+ Kh8 23. Bxe8 Rxe8 24. Re1 b5 25. Ng6+ hxg6 26. Rxe8+ Kh7 27. Ra8 g5 28. fxg5 Kg6 29. h4 a5 30. Rxa5 Kh5 31. Rxb5 Kxh4 32. a4 Kh5 33. a5 Kg6 34. a6 Kh5 35. a7 g6 36. a8=Q Kg4 37. Qa4+ Kh5 38. Rb8 Kxg5 39. Qa5+ Kh6 40. Qd2+ Kh5 41. Rb5+ g5 42. Qxg5# 1-0